ბათუმის შოთა რუსთაველის სახელმწიფო უნივერსიტეტის ბიბლიოთეკა

Information security - Edition 2022: (ბიბ.ჩანაწერი № 61289)

000 -LEADER
fixed length control field 00807nam a22001937a 4500
005 - DATE AND TIME OF LATEST TRANSACTION
control field 20240126174740.0
008 - FIXED-LENGTH DATA ELEMENTS--GENERAL INFORMATION
fixed length control field 240126s2022 enk||||| |||| 00| 0 eng d
020 ## - INTERNATIONAL STANDARD BOOK NUMBER
International Standard Book Number 9791220388474
041 ## - LANGUAGE CODE
Language code of text/sound track or separate title eng
080 ## - UNIVERSAL DECIMAL CLASSIFICATION NUMBER
Universal Decimal Classification number 004.42 G-15
100 ## - MAIN ENTRY--PERSONAL NAME
Personal name Gallotti, Cesare
9 (RLIN) 21145
245 ## - TITLE STATEMENT
Title Information security - Edition 2022:
Remainder of title Risk management. Management systems. The ISO/IEC 27001:2022 standard. The ISO/IEC 27002:2022 controls.
Statement of responsibility, etc. Cesare Gallotti, Massimo Cottafavi, Stefano Ramacciotti.
264 ## - PRODUCTION, PUBLICATION, DISTRIBUTION, MANUFACTURE, AND COPYRIGHT NOTICE
Place of production, publication, distribution, manufacture Torrazza Piemonte,
Date of production, publication, distribution, manufacture, or copyright notice 2022.
300 ## - PHYSICAL DESCRIPTION
Extent 369 p. :
Other physical details ill. ;
Dimensions 30 cm.
653 ## - INDEX TERM--UNCONTROLLED
keyword საინფორმაციო უსაფრთხოება
700 ## - ADDED ENTRY--PERSONAL NAME
Personal name Ramacciotti, Stefano
Relator term ავტორი
9 (RLIN) 21146
700 ## - ADDED ENTRY--PERSONAL NAME
Personal name Cottafavi, Massimo
Relator term ავტორი
9 (RLIN) 21147
942 ## - ADDED ENTRY ELEMENTS (KOHA)
Source of classification or shelving scheme
Koha item type წიგნი
ეგზემპლარები
Withdrawn status Lost status Source of classification or shelving scheme Damaged status Not for loan Permanent Location Current Location Shelving location Date acquired Cost, normal purchase price Full call number Barcode Date last seen Copy number Price effective from Koha item type Public note
          ბათუმის შოთა რუსთაველის სახელმწიფო უნივერსიტეტის მთავარი ბიბლიოთეკა ბათუმის შოთა რუსთაველის სახელმწიფო უნივერსიტეტის მთავარი ბიბლიოთეკა წიგნსაცავი 2024-01-26 153.00 004.42 G-15 67180 2024-01-26 67180 2024-01-26 წიგნი 153 ლ.